00616nam a2200157 a 450000100100000000500170001000800410002704000250006808200140009324500790010726000730018630000310025970000390029095201120032999900170044100003950720201002031702.0130704s2004 dr d 000 0 spa d aDO-SdBNPbspacBNPHU axxxbP96400aPrograma de desarrollo profesional /cdirector José Agustín de Miguel. aSanto Domingo :bInstituto Técnologico de Santo Domingo,c[s. f.]. a36 p. :bdiagrs. ;c22 cm.1 aDe Miguel, José Agustín965691 0010718PDaPDbPDcCTd2013-07-04iLF1l0oxxx P964p39507-10r2020-06-25w2020-06-25yLFPDZNo se presta c38997d38997